A Word Ladder Without Words Quiz Stats

 Plays Quiz Updated Jul 11, 2018

Score 0/27 Timer 05:00
4 Plays Today
Question Answer Wrong Answers
CONE ???
87.7%
???
1.4%
???
1.8%
???
1%
CARD ???
87.4%
???
1.4%
???
3%
???
1.3%
CART ???
87%
???
1.8%
???
1.4%
???
3.6%
BEAR ???
86.8%
???
2.7%
???
1.2%
???
9.3%
CORD ???
86.5%
???
1.4%
???
1.1%
???
3.7%
BART ???
85.4%
???
3%
???
3.7%
???
2.4%
CORE ???
84.4%
???
5.3%
???
1.7%
???
0.9%
BERT ???
82.8%
???
5.6%
???
3.2%
???
3.7%
BONE ???
82.6%
???
5%
???
1.7%
???
2.3%
BAKE ???
82.1%
???
2.9%
???
1.8%
???
3.9%
BIKE ???
81.3%
???
2.2%
???
1.8%
???
5.1%
MICE ???
79.7%
???
2.4%
???
3.5%
???
3.9%
OARS ???
77.2%
???
1.9%
???
5.2%
???
2.4%
BATS ???
76.7%
???
3.5%
???
4.5%
???
0.9%
BEET ???
76.3%
???
1.4%
???
14.2%
???
4.9%
BACH ???
74.4%
???
3.2%
???
3.1%
???
3.6%
BANE ???
74.3%
???
4.1%
???
8.5%
???
4.2%
MIKE ???
71.9%
???
5.5%
???
4%
???
8.5%
BEER ???
71.5%
???
9.6%
???
9.4%
???
8.5%
BATH ???
71.4%
???
3.8%
???
6.5%
???
3.2%
OATS ???
69.1%
???
12.9%
???
2.4%
???
1.7%
BACK ???
64.8%
???
2.1%
???
1.6%
???
14.8%
MARS ???
63.9%
???
10.6%
???
7.6%
???
5.2%
MACE ???
63.6%
???
16.7%
???
4.6%
???
4%
BEAK ???
60.9%
???
1.7%
???
3.6%
???
14.7%
MARE ???
59.4%
???
13.9%
???
5.4%
???
9.5%
BECK ???
55.1%
???
4.8%
???
10.5%
???
11.5%

You're not logged in!

Compare scores with friends on all Sporcle quizzes.
OR
Log In

Sporcle TV

Today on Sporcle TV


Watch our educational content, quiz creation guides, and fun videos on Sporcle TV.

Show Comments

Extras

Top Quizzes Today


Score Distribution

Your Account Isn't Verified!

In order to create a playlist on Sporcle, you need to verify the email address you used during registration. Go to your Sporcle Settings to finish the process.

Report this User

Report this user for behavior that violates our Community Guidelines.

Details: